| 000 | 00616nam a2200181 4500 | ||
|---|---|---|---|
| 001 | 120637 | ||
| 003 | ES-MaACL | ||
| 005 | 20230906191606.0 | ||
| 007 | t| | ||
| 008 | 070214s1982 sp r ||||1| spa d | ||
| 100 | 1 |
_aPolaino-Lorente, A. _992796 |
|
| 245 | 1 | 0 |
_aIntervención de padres y profesores en el tratamiento psicopedagógico del autismo infantil / _cA. Polaino-Lorente, C. Peña. |
| 260 |
_a[s.l.] : _b[s.n.], _c1982. |
||
| 300 |
_a7 h. ; _c25 cm. |
||
| 500 | _aEs tirada aparte de `Acta Pediátrica Española`, vol. 40, 1982. | ||
| 700 | 1 |
_aPeña, C. _990207 |
|
| 852 |
_aES-MaACL _j2130-F-13 _bR.105944 |
||
| 999 |
_c120637 _d120637 |
||